[Event "SEMI A002 corr"]
[Site "SEMI email"]
[Date "1999.??.??"]
[Round "?"]
[White "De Rop, Gerry"]
[Black "Almonti, Alessandro"]
[Result "1/2-1/2"]
[WhiteElo "2129"]
[BlackElo "1900"]
[PlyCount "63"]
[EventDate "1999.07.01"]
[EventType "tourn (corr)"]
[EventRounds "6"]
[EventCountry "ITA"]
[SourceTitle "Corr 2002"]
[Source "ChessBase"]
[SourceDate "2002.05.23"]
[SourceVersion "1"]
[SourceVersionDate "2002.05.23"]
[SourceQuality "1"]

1. d4 f5 2. g3 Nf6 3. Bg2 e6 4. Nf3 Be7 5. 0-0 0-0 6. b3 d6 7. Bb2 Qe8 8. Nbd2 Nc6 9. e3 Bd7 10. c4 Qh5 11. Ne1 Qh6 12. Nd3 Nd8 13. Qe2 c6 14. e4 fxe4 15. Nxe4 Nxe4 16. Bxe4 Be8 17. Bg2 Rc8 18. Rad1 Bh5 19. f3 Re8 20. g4 Bf7 21. f4 g5 22. Qf2 gxf4 23. Qxf4 Qxf4 24. Nxf4 b5 25. cxb5 cxb5 26. Rc1 Rxc1 27. Bxc1 a5 28. Be3 Rf8 29. Be4 Bg5 30. Ng2 Bxe3+ 31. Nxe3 Bg6 32. Bxg6 1/2-1/2

[Event "SEMI A001 corr"]
[Site "SEMI email"]
[Date "1999.??.??"]
[Round "?"]
[White "De Rop, Gerry"]
[Black "Hanegby, Avigdor"]
[Result "1/2-1/2"]
[WhiteElo "2129"]
[BlackElo "2050"]
[PlyCount "89"]
[EventDate "1999.07.01"]
[EventType "tourn (corr)"]
[EventRounds "6"]
[EventCountry "ITA"]
[SourceTitle "Corr 2002"]
[Source "ChessBase"]
[SourceDate "2002.05.23"]
[SourceVersion "1"]
[SourceVersionDate "2002.05.23"]
[SourceQuality "1"]

1. c4 g6 2. Nc3 Bg7 3. g3 e5 4. Bg2 d6 5. d3 f5 6. e4 Nf6 7. Nge2 0-0 8. 0-0 c6 9. h3 Na6 10. Be3 Be6 11. exf5 gxf5 12. f4 Qe7 13. Qd2 Rfd8 14. Rae1 h5 15. b3 Qd7 16. Kh2 Bf7 17. Rd1 h4 18. gxh4 Bg6 19. Ng3 Nh5 20. Nce2 Nf6 21. Rf2 Re8 22. Rdf1 e4 23. Rd1 exd3 24. Qxd3 d5 25. Nd4 Rad8 26. Re2 Nc5 27. Qc2 Nce4 28. Bxe4 fxe4 29. f5 Bf7 30. Bg5 dxc4 31. Rg2 cxb3 32. axb3 Qd6 33. Kg1 Kh7 34. Rdd2 e3 35. Bxe3 Rxe3 36. Ne6 Qxd2 37. Rxd2 Rxd2 38. Qxd2 Rxg3+ 39. Kh2 Bxe6 40. fxe6 Rg6 41. e7 Kg8 42. Qe3 Kf7 43. Qxa7 Nd7 44. e8Q+ Kxe8 45. Qxb7 1/2-1/2

[Event "SEMI A004 corr"]
[Site "SEMI email"]
[Date "1999.??.??"]
[Round "?"]
[White "De Rop, Gerry"]
[Black "O'Hara, Matthew D"]
[Result "1-0"]
[WhiteElo "2129"]
[BlackElo "2200"]
[PlyCount "73"]
[EventDate "1999.11.08"]
[EventType "tourn (corr)"]
[EventRounds "6"]
[EventCountry "ITA"]
[SourceTitle "Corr 2002"]
[Source "ChessBase"]
[SourceDate "2002.05.23"]
[SourceVersion "1"]
[SourceVersionDate "2002.05.23"]
[SourceQuality "1"]

1. d4 Nf6 2. Nf3 g6 3. g3 Bg7 4. Bg2 0-0 5. 0-0 d6 6. c4 Nc6 7. Nc3 e5 8. d5 Ne7 9. e4 Ne8 10. Ne1 f5 11. Nd3 Nf6 12. Bg5 Kh8 13. Qd2 c6 14. f3 b5 15. cxb5 cxb5 16. b4 Bd7 17. Rfc1 fxe4 18. fxe4 a6 19. Rc2 Rc8 20. Rac1 Ng4 21. h3 Nf6 22. Be3 Rc4 23. a3 Rf7 24. Nb2 Rc8 25. Ne2 Rxc2 26. Rxc2 Nc8 27. Nc1 Nh5 28. Kh2 Nb6 29. Nb3 Na8 30. Na5 Nf6 31. Nc6 Qf8 32. Qe2 Kg8 33. a4 Bh6 34. Bg1 Nc7 35. Nxe5 dxe5 36. Rxc7 Qxb4 37. Nd3 1-0

[Event "SEMI A004 corr"]
[Site "SEMI email"]
[Date "1999.??.??"]
[Round "?"]
[White "Hanegby, Avigdor"]
[Black "De Rop, Gerry"]
[Result "1/2-1/2"]
[WhiteElo "1899"]
[BlackElo "2129"]
[PlyCount "58"]
[EventDate "1999.11.08"]
[EventType "tourn (corr)"]
[EventRounds "6"]
[EventCountry "ITA"]
[SourceTitle "Corr 2002"]
[Source "ChessBase"]
[SourceDate "2002.05.23"]
[SourceVersion "1"]
[SourceVersionDate "2002.05.23"]
[SourceQuality "1"]

1. f4 d6 2. Nf3 Nf6 3. e3 g6 4. b3 Bg7 5. Bb2 c5 6. Be2 0-0 7. 0-0 Nc6 8. Qe1 e5 9. fxe5 Ng4 10. Nc3 Ngxe5 11. Nxe5 Bxe5 12. Na4 Bxb2 13. Nxb2 Bf5 14. Bd3 Bxd3 15. Nxd3 Ne5 16. Nf4 Qd7 17. Nd5 f5 18. Qh4 Qg7 19. d4 Ng4 20. Rad1 Rae8 21. Qg3 Re6 22. h3 Nf6 23. Nxf6+ Qxf6 24. dxc5 dxc5 25. Qc7 b6 26. Rd7 Rxe3 27. Qxa7 Re2 28. Rxh7 Rxc2 29. Rd7 Rd8 1/2-1/2

[Event "SEMI A001 corr"]
[Site "SEMI email"]
[Date "1999.??.??"]
[Round "?"]
[White "Quigley, Daniel J"]
[Black "De Rop, Gerry"]
[Result "1/2-1/2"]
[WhiteElo "2089"]
[BlackElo "2129"]
[PlyCount "117"]
[EventDate "1999.07.01"]
[EventType "tourn (corr)"]
[EventRounds "6"]
[EventCountry "ITA"]
[SourceTitle "Corr 2002"]
[Source "ChessBase"]
[SourceDate "2002.05.23"]
[SourceVersion "1"]
[SourceVersionDate "2002.05.23"]
[SourceQuality "1"]

1. d4 Nf6 2. Nf3 e6 3. e3 b6 4. Bd3 Bb7 5. 0-0 c5 6. b3 Be7 7. Bb2 Nc6 8. Nbd2 0-0 9. c4 Nb4 10. Bb1 cxd4 11. Nxd4 d5 12. a3 Nc6 13. Nxc6 Bxc6 14. Re1 Qd7 15. cxd5 Qxd5 16. e4 Qh5 17. Nf3 Rfd8 18. Nd4 Qxd1 19. Rxd1 e5 20. Rc1 exd4 21. Rxc6 d3 22. e5 Ne4 23. Rc7 Bc5 24. b4 Bxf2+ 25. Kf1 Bd4 26. Bxd4 Rxd4 27. Ba2 Ng5 28. Rd1 g6 29. Rc4 Rad8 30. Rxd4 Rxd4 31. Kf2 Re4 32. Rxd3 Rxe5 33. Rd7 a5 34. Rd5 Rxd5 35. Bxd5 axb4 36. axb4 Kf8 37. Ke3 Ke7 38. Bc6 Kd6 39. Bb7 Ke5 40. Kd3 Ne6 41. Kc4 Kd6 42. Kb5 Kc7 43. Bd5 Nf4 44. Bxf7 Nxg2 45. Kc4 Kd6 46. Kd4 Nf4 47. Ke4 Ne6 48. h4 Ke7 49. Bg8 h5 50. b5 Ng7 51. Kd5 Nf5 52. Kc6 Nxh4 53. Kxb6 g5 54. Kc6 Nf5 55. b6 Nd6 56. Kd5 g4 57. Ke5 h4 58. Kf4 g3 59. Bd5 1/2-1/2

[Event "SEMI A004 corr"]
[Site "SEMI email"]
[Date "1999.??.??"]
[Round "?"]
[White "Talon, Alain"]
[Black "De Rop, Gerry"]
[Result "1/2-1/2"]
[WhiteElo "2114"]
[BlackElo "2129"]
[PlyCount "50"]
[EventDate "1999.11.08"]
[EventType "tourn (corr)"]
[EventRounds "6"]
[EventCountry "ITA"]
[SourceTitle "Corr 2002"]
[Source "ChessBase"]
[SourceDate "2002.05.23"]
[SourceVersion "1"]
[SourceVersionDate "2002.05.23"]
[SourceQuality "1"]

1. e4 c5 2. Ne2 e6 3. d4 cxd4 4. Nxd4 a6 5. Bd3 Qc7 6. 0-0 Nf6 7. Nc3 b5 8. a3 Bb7 9. Qe2 d6 10. f4 Nbd7 11. Bd2 Be7 12. Kh1 Rc8 13. Rae1 Qc5 14. Nb3 Qh5 15. Rf3 Bd8 16. Qf1 Nc5 17. Rh3 Nxb3 18. Rxh5 Nxd2 19. Qe2 Nxh5 20. Qxh5 Nc4 21. Nxb5 g6 22. Nxd6+ Nxd6 23. Qe5 Ke7 24. Qxh8 Ba5 25. Qxh7 Bxe1 1/2-1/2